[Event "EU-chT (Women) 08th"]
[Site "Novi Sad"]
[Date "2009.10.26"]
[Round "5"]
[White "Kosintseva, Tatiana"]
[Black "Rajlich, Iweta"]
[Result "1-0"]
[WhiteElo "2536"]
[BlackElo "2465"]
[Annotator "Kosintseva,T"]
[PlyCount "77"]
[EventDate "2009.10.22"]
[EventType "team-swiss"]
[EventRounds "9"]
[EventCountry "YUG"]
[SourceTitle "CBM 133"]
[Source "ChessBase"]
[SourceDate "2009.11.19"]
[SourceVersion "1"]
[SourceVersionDate "2009.11.19"]
[SourceQuality "1"]
[WhiteTeam "Russia (W)"]
[BlackTeam "Poland (W)"]
[WhiteTeamCountry "RUS"]
[BlackTeamCountry "POL"]

{Our team's matches against Poland always result in a tense and unpredictable
battle. I can recall more than one team event in which our match has taken on
a dramatic character. Therefore, our team's mood on this occasion was
appropriate. Aware of the pressure from the Georgians, we had to beat one of
our main rivals, since dropping match points was a luxury we ciould not allow
ourselves...} 1. e4 e6 2. d4 d5 3. Nc3 Nf6 4. e5 Nfd7 5. f4 c5 6. Nf3 Nc6 7.
Be3 Be7 {Lately, this plan has become highly popular amongst French Defence
devotees.} 8. Qd2 O-O 9. Be2 ({Another plan for White involves long castling
after} 9. dxc5 Bxc5 (9... Nxc5 10. O-O-O) 10. O-O-O) 9... b6 {A rare
continuation. Black refrains from queenside action (9...a6 10.0-0 b5), in
favour of play in the centre.} 10. O-O ({The aggressive} 10. O-O-O {results in
double-edged play after} c4) 10... f5 {According to the database, this move is
a novelty. Now White has a choice: keep the centre closed and prepare play on
the kingside (Kh1, Rg1, g4) or after ef, concentrate his pieces in the centre
and occupy the square e5. I preferred the second plan.} ({The move} 10... f6 {
has been seen, after which the following variations are possible:} 11. dxc5
Nxc5 (11... fxe5 12. Nxd5) 12. Bb5 Bb7 13. exf6 Bxf6 14. Bxc6 Bxc6 15. Bd4 Ne4
16. Qe3 $14) 11. exf6 (11. Kh1 $5 cxd4 12. Nxd4 Nxd4 13. Bxd4 Nc5 14. Rad1 {
with complicated play.}) 11... Nxf6 12. Kh1 {A useful move, preparing the
bishop retreat to g1, in the event of Ng4.} ({In a game Baramidze-Berczes
there followed} 12. Bb5 Qc7 13. Kh1 (13. Bxc6 $5 Qxc6 14. Ne5 Qc7 15. Rae1)
13... Bd7 14. Rad1 a6 15. Bxc6 Bxc6 16. Qe2 b5 17. Bg1 Qc8 18. dxc5 b4 19. Rfe1
bxc3 20. Qxe6+ Rf7 21. Ng5 Qxe6 22. Rxe6 Bd7 {0-1 Baramidze,D (2593)-Berczes,D
(2458)/Biel 2008/CBM 125 Extra (49)}) 12... Bb7 13. Bd3 {Preventing the move
Ne4, for example after 13.Rad1.} (13. Rad1 Ne4 14. Nxe4 (14. Qe1 Nb4) 14...
dxe4 15. Ne5 Nxd4 (15... Nxe5 16. dxe5 Qxd2 17. Rxd2 Rad8 18. Rfd1 $14) 16.
Bxd4 cxd4 17. Bc4 Bf6 18. Bxe6+ Kh8 19. Nf7+ Rxf7 20. Bxf7 Qc7 $44) 13... a6 {
Black intends the central setup Qc7 (Qd6), Rae8 followed by Ng4, so White
cannot afford to play casually.} 14. a3 $6 {A loss of time. During the game,
it seemed to me important to prevent the possibility of a black piece jumping
to b4, for example after c4 Be2; Bb4, but now White does not manage to create
pessure on the e6-pawn, which is more important.} (14. Rae1 $5 c4 (14... Qd6
15. Bg1 Nd7 16. dxc5 bxc5 17. Qe2 c4 18. Bxc4 Rxf4 (18... dxc4 19. Rd1) 19. Bb3
) 15. Be2 Bb4 (15... b5 16. a3) 16. Qc1 b5 17. a3 {with unclear play.}) 14...
Qc7 15. Qe1 (15. Rae1 Rae8 16. Bg1 Bd6 17. g3 cxd4 18. Nxd4 e5 $36) 15... c4 {
Black goes over to concrete play.} ({The quiet} 15... Rae8 $5 {deserved
attention, maintaining the tension in the centre and potentially threatening
to open the centre.} 16. Qh4 (16. Qg3 Bd6) 16... Bd6 (16... cxd4 17. Nxd4) 17.
Rae1 Ne7 $13) 16. Be2 Ng4 17. Bg1 (17. Bd2 Nh6) 17... Rxf4 (17... Qxf4 $2 18.
Ne5) 18. h3 ({Another possibility was} 18. Bxc4 $5 Rf6 (18... dxc4 $2 19. Qxe6+
Kh8 20. Nd5 Nxd4 21. Nxd4 Bxd5 22. Qxd5 Rd8 23. Qc6) 19. Bd3 (19. Bxd5 exd5 20.
Nxd5 Qd6 21. Nxf6+ Nxf6) 19... Rh6 20. h3 Rf8 21. Nd1 $13 {Objectively, this
continuation may have been stronger, but the chance to win the exchange proved
irresistible, especially as during the game, Black's compensation did not
appear all that serious.}) 18... Nh6 $2 {The wrong retreat, since now White
has the tactical resource Bc4.} ({Necessary was} 18... Nf6 19. Bh2 Bd6 20. Bxf4
(20. Bxc4 dxc4 21. Qxe6+ Kh8 22. Bxf4 Bxf4 23. Rae1 Rf8 24. Qxc4 b5 25. Qd3 Ne7
) 20... Bxf4 21. Bd1 Re8 22. Ne2 Ne4 23. Nxf4 Qxf4 24. Kg1 Ng3 25. Rf2 Nxd4 26.
c3 Ndf5 27. Qe5 Qxe5 28. Nxe5 Ne4 29. Rf1 $13) 19. Bh2 Raf8 $6 ({Now} 19... Bd6
$2 {is a mistake, in view of} 20. Bxc4 $1 dxc4 (20... Rf6 21. Bxd5 $1 Bxh2 22.
Bxe6+ Kh8 23. Nd5) 21. Qxe6+ Kh8 22. Nd5 $16) ({Better was} 19... Kh8 {
defending against Bxc4, but then after} 20. Bd1 Raf8 21. Ne2 e5 22. Nxf4 exf4
23. c3 Nf5 24. Bc2 {Black's compenation for the exchange is inadequate.}) 20.
Bxc4 dxc4 21. Qxe6+ Kh8 22. Nd5 (22. Bxf4 Qxf4 23. d5 {was insufficient,
because of} Nf5 24. dxc6 (24. Ne2 Qe3 25. Qxe3 Nxe3 26. dxc6 Bxc6 27. Ned4 Nxf1
28. Nxc6 Ng3+ 29. Kh2 Bd6) 24... Ng3+ (24... Bc8 $5) 25. Kg1 Bc5+ 26. Rf2 Bc8
27. Qd5 Bg4 (27... Qe3 28. Nd1 Qf4) 28. Rd1 (28. hxg4 Qh6) 28... Bxf2+ 29. Kxf2
Bxf3 30. gxf3 Nf5 $11) 22... Rxf3 ({After} 22... Nxd4 23. Nxc7 Nxe6 24. Nxe6
Rxf3 25. Rxf3 Rxf3 26. gxf3 Bxf3+ 27. Kg1 {White has the advantage.}) 23. Bxc7
(23. Rxf3 $5 {deserved attention:} Qd8 (23... Qc8 24. Rxf8+ Qxf8 (24... Bxf8
25. Qxc8 Bxc8 26. Nxb6) 25. Qd7 Qd8 26. Qxb7 Qxd5 27. Re1 Ng8 28. c3 $16) 24.
Rxf8+ (24. Nxe7 Nxe7) 24... Bxf8 25. Rd1 {with advantage, thanks to the active
pieces and passed d-pawn.}) 23... Rxf1+ 24. Rxf1 Rxf1+ 25. Kh2 {It turns out
that the piece coordination favours White, because his queen against the
scattered and hanging black pieces, plus the strength of the passed d-pawn,
pose Black insuperable problems.} Rf2 $2 (25... Ng8 26. Qd7 $1 (26. Ne3 Re1 27.
d5 Nd4 28. Qxb6 Rxe3 29. Qxd4 Re2 30. Qd1 Rf2 31. Bg3 Rf5 32. d6 Bf6) 26... Rf8
27. Bg3 Ba8 28. Nxb6 Rd8 29. Qg4 $16) ({The most stubborn was} 25... Bh4 $5 {
with the idea Bf2, after which White must solve some far from easy problems,
in conditions of mutual time-trouble.} 26. Qd7 $1 (26. Bxb6 Bf2 27. h4 Bg1+ 28.
Kh3 Bf2 29. g4 Rg1) 26... Bf2 27. h4 $1 Bxd4 28. Bxb6 Bxb6 29. Nxb6 Na5 30. b4
cxb3 31. cxb3 {with advantage.}) 26. Kg1 $1 Rxc2 27. Nxe7 Nxe7 28. Qxe7 {
Now the passed pawn, combined with mating threats, decides the game.} Ng8 29.
Qf7 Rxg2+ 30. Kf1 b5 (30... Rg6 31. Be5 Bg2+ 32. Kf2 Bxh3 33. d5 $18) 31. Be5
Be4 32. h4 Rg4 33. Kf2 h6 34. d5 Kh7 35. d6 Rg6 36. d7 h5 37. d8=Q Nh6 38. Qff8
Rg2+ 39. Kf1 1-0

[Event "World Cup"]
[Site "Khanty-Mansiysk"]
[Date "2009.11.30"]
[Round "4.1"]
[White "Karjakin, Sergey"]
[Black "Vitiugov, Nikita"]
[Result "1/2-1/2"]
[WhiteElo "2723"]
[BlackElo "2694"]
[Annotator "Kritz,L"]
[PlyCount "35"]
[EventDate "2009.11.21"]
[EventType "k.o."]
[EventRounds "7"]
[EventCountry "RUS"]
[SourceTitle "CBM 134"]
[Source "ChessBase"]
[SourceDate "2010.01.18"]
[SourceVersion "1"]
[SourceVersionDate "2010.01.18"]
[SourceQuality "1"]

1. e4 e6 2. d4 d5 3. Nc3 Nf6 {Die Französische Verteidigung hat heute keinen
guten Ruf im Allgemeinen, aber diese Variante ist eine der wenigen, die man
gut spielen kann.} ({Die traditionelle Hauptvariante ist} 3... Bb4 4. e5 c5 5.
a3 Bxc3+ 6. bxc3 Ne7 {wonach Weiß in den letzten Jahren mittels} 7. Qg4 $14 {
in allen Varianten einen Vorteil erzielen konnte.}) 4. e5 Nfd7 5. f4 ({Eine
alternative Fortsetzung ist} 5. Nce2 c5 6. c3 Nc6 7. f4 Qb6 8. Nf3 $132 {
und die Stellung geht in eine Variante aus Französisch mit 3.Nd2 über, die zu
unklarem Spiel führt.}) 5... c5 6. Nf3 Nc6 7. Be3 a6 8. Qd2 {Die
Ausgangsstellung der Variante. Schwarz hat mehrere gute Spielmöglichkeiten.} b5
({Als Hauptvariante gilt} 8... cxd4 9. Nxd4 Bc5 10. O-O-O O-O {und jetzt kann
Weiß am besten mittels} 11. Qf2 {zum Vorteil kommen:} Nxd4 (11... Bxd4 12. Bxd4
b5 13. Be3 Bb7 14. Bd3 Nb4 15. Bd4 Rc8 16. Kb1 Qa5 17. a3 Nc6 18. f5 $16 {
Kramnik - Shirov (Monte Carlo, 2003)}) 12. Bxd4 Qc7 13. Bd3 b5 14. Qh4 h6 15.
Ne2 $14 {Kramnik - Radjabov (Linares, 2003)}) ({Eine andere Variante, die an
Popularität gewinnt, ist} 8... Be7 9. Be2 O-O 10. O-O b5 11. a3 $14 {Weiß hat
einen kleinen Vorteil, Schwarz hat jedoch gewisse dynamischen Möglichkeiten.})
9. a3 Qb6 {Schwarz muss Druck gegen d4 aufbauen. Alternativen führen zu weißem
Vorteil:} (9... Bb7 10. Bd3 g5 11. fxg5 cxd4 12. Nxd4 Ndxe5 13. O-O Bg7 14.
Nxc6 Bxc6 15. Bc5 $14 {Jakovenko - Vitiugov (Moscow, 2008)}) (9... g5 10. fxg5
cxd4 11. Nxd4 Ncxe5 12. Bd3 Bg7 13. Nce2 O-O 14. Ng3 Nxd3+ 15. cxd3 Qb6 16. Qf2
f5 17. Nf3 Qb8 18. Nh5 $14 {1-0 Jakovenko,D (2675)-Bareev,E (2701)/Sochi RUS
2006/The Week in Chess 599 (73)}) 10. Ne2 b4 $5 {Ein selten gespielter Zug.
Die populärste Partie in der Variante ist Kasparov-Radjabov, die der
Weltmeister verloren hatte.} (10... c4 $2 {man darf den Druck auf das weiße
Zentrum nicht so leicht aufgeben.} 11. g4 h5 12. gxh5 Rxh5 13. Ng3 Rh8 14. f5
exf5 15. Nxf5 Nf6 16. Ng3 Ng4 17. Bf4 Be6 18. c3 $14 {Kasparov - Radjabov 
(Linares, 2003)}) (10... Bb7 {ist zu langsam} 11. dxc5 Bxc5 12. Ned4 Nxd4 13.
Nxd4 Qc7 14. Bd3 Be7 15. Nf3 Nc5 16. Bd4 Ne4 17. Qe3 b4 18. axb4 Bxb4+ 19. c3
$14 {Yemelin - Rychagov (Moscow, 2007)}) 11. axb4 Qxb4 (11... cxb4 $2 {Wieder
sollte man den Druck auf d4 behalten.} 12. g4 b3 13. c3 Qb7 14. f5 Nb6 15. Ng3
Nc4 16. Bxc4 dxc4 17. O-O $16 {Schwarz hatte überhaupt kein Gegenspiel und
dazu noch Entwicklungsnachteil in Luther - Braun (Altenkirchen, 2005)}) 12. c3
Qb7 (12... Qb6 $6 13. dxc5 {und nun kann Schwarz auf c5 nicht mit dem Springer
nehmen.} Bxc5 (13... Nxc5 14. b4 $18) 14. Ned4 $14) 13. Nc1 $6 {Das ist zu
passiv, der Springer hat auf c1 wenig zu tun.} (13. dxc5 $5 {sieht besser aus:}
Nxc5 (13... Bxc5 14. Ned4 O-O 15. b4 Be7 16. Be2 $16) 14. Ned4 Nxd4 15. Nxd4
Rb8 16. Ra2 Be7 17. Be2 O-O 18. O-O $14) 13... Be7 14. Bd3 $2 {Vermutlich hat
Weiß die Idee von Schwarz überhaupt nicht gesehen.} (14. Be2 Rb8 15. Rb1 $14)
14... c4 $1 15. Bb1 $2 {Immer noch wäre Be2 besser gewesen.} (15. Be2 Rb8 16.
Rb1 f5 $1 $11 {Weiß kann nicht en-passant nehmen, weil der schwarze Springer
dann zu schnell nach e4 gelangt und Schwarz gutes Spiel bekommt.} 17. exf6 $6
Nxf6 $132) 15... Rb8 {Jetzt wird Weiß zur Zugwiederholung gezwungen.} 16. Ra2
Nb4 $1 {Das ist die Idee von Schwarz.} 17. Ra1 (17. cxb4 $4 Bxb4 $19) 17... Nc6
18. Ra2 1/2-1/2

[Event "Poikovsky Karpov 11th"]
[Site "Poikovsky"]
[Date "2010.06.05"]
[Round "4"]
[White "Motylev, Alexander"]
[Black "Vitiugov, Nikita"]
[Result "1/2-1/2"]
[WhiteElo "2704"]
[BlackElo "2707"]
[Annotator "Kritz,L"]
[PlyCount "31"]
[EventDate "2010.06.02"]
[EventType "tourn"]
[EventRounds "11"]
[EventCountry "RUS"]
[EventCategory "18"]
[SourceTitle "CBM 137"]
[Source "ChessBase"]
[SourceDate "2010.07.15"]
[SourceVersion "1"]
[SourceVersionDate "2010.07.15"]
[SourceQuality "1"]

1. e4 e6 2. d4 d5 3. Nc3 Nf6 4. e5 {Die beste Fortsetzung, wenn Weiß um
Eröffnungsvorteil kämpfen will. Die Alternative 4.Bg5 bringt nichts in dem
Sinne.} (4. Bg5 dxe4 $1 5. Nxe4 Nbd7 6. Nf3 h6 7. Nxf6+ (7. Bh4 Be7 8. Nxf6+
Bxf6 9. Bxf6 Nxf6 10. Bd3 O-O 11. Qe2 c5 $11 {Leko - Anand (Monaco, 2001)})
7... Nxf6 8. Be3 (8. Bh4 c5 9. Bb5+ Bd7 10. Bxd7+ Qxd7 11. Bxf6 (11. Qe2 Be7
12. dxc5 O-O 13. O-O Bxc5 $11 {Aroshidze - Gurevich (Antalya, 2009)}) 11...
gxf6 12. dxc5 Qxd1+ 13. Rxd1 Bxc5 14. Ke2 Ke7 $11 {Kovchan - Baklan (Poltava,
2008)}) 8... Nd5 9. Bd3 Nxe3 10. fxe3 Bd6 11. e4 e5 $1 12. dxe5 Bc5 13. Bb5+ c6
14. Qxd8+ Kxd8 15. Bc4 Ke7 16. c3 Rd8 $11 {Gashimov - Akobian (Caleta, 2009).
Viele Partien sind in dieser Stellung gespielt worden, und man kann sicher
sagen, dass bei richtigem Spiel die schwarze Festung unantastbar ist.}) 4...
Nfd7 5. f4 c5 6. Nf3 Nc6 7. Be3 Be7 {Diese Variante wurde innerhalb der
letzten Jahre besonders populär. Alternativen sind:} (7... cxd4 8. Nxd4 Bc5 (
8... Qb6 9. Qd2 Qxb2 10. Rb1 Qa3 11. Bb5 Nxd4 12. Bxd4 $44 {Weiss hat gute
Kompensation für den Bauern, weil er besser entwickelt ist und dazu immer
wieder f5 droht.}) 9. Qd2 O-O (9... Nxd4 {"Die Vereinfachungsvariante" kann
man spielen, wenn man ein sicheres Remis will und bereit ist, die ganze Partie
zu leiden.} 10. Bxd4 Bxd4 11. Qxd4 Qb6 12. Qxb6 Nxb6 13. Nb5 Ke7 14. Bd3 Bd7
15. Nd4 $1 {Das einzige was man hier als Weißspieler wissen muss, ist, dass
der Springer nicht nach d6, sondern nach d4 gestellt wird.} Na4 16. O-O-O Nc5
17. Rhf1 $14 {Fedorov - Andreikin (Moscow, 2007)}) 10. O-O-O a6 11. Qf2 Bxd4 (
11... Nxd4 12. Bxd4 Qc7 13. Bd3 $14 {Kramnik - Radjabov (Linares, 2003)}) 12.
Bxd4 b5 13. Be3 b4 14. Na4 $14 {Jakovenko - Ni Hua (Taiyuan, 2006)}) (7... a6
8. Qd2 b5 9. a3 Qb6 10. Ne2 c4 11. g4 h5 12. gxh5 Rxh5 13. Ng3 Rh8 14. f5 $14 {
Kasparov - Radjabov (Linares, 2003)}) (7... Qb6 $6 {Eine lange forcierte
Variante, die zu weißem Vorteil führt:} 8. Na4 Qa5+ 9. c3 cxd4 10. b4 ({
Nichts bringt} 10. Nxd4 $2 Nxd4 11. Bxd4 b5 12. Nc5 Nxc5 13. b4 Qc7 14. bxc5
Bd7 {und Weiß steht auf Verlust.}) 10... Nxb4 (10... Qc7 11. Nxd4 Nxd4 12. Bxd4
$14) 11. cxb4 Bxb4+ 12. Bd2 Bxd2+ 13. Nxd2 b6 14. Bd3 Ba6 15. Nb2 Nc5 16. Bxa6
Qxa6 17. Qe2 $14 {Kamsky - Kraai (Foxwoods, 2007)}) 8. Qd2 O-O {Die Idee von
Schwarz ist es, sich beide Möglichkeiten, cxd4 und c4 offen zu lassen. So zum
Beispiel kann Weiß in dieser Stellung nicht gleich lang rochieren, weil
Schwarz nach c4 starken Angriff bekommt.} 9. Be2 (9. O-O-O $2 c4 $1 10. f5 b5
11. fxe6 fxe6 12. Nxb5 Rb8 13. Nd6 Bxd6 14. exd6 Nf6 $17 {Szelag - Gurevich 
(Warsaw, 2007)}) ({Eine gute Alternative zum Partiezug ist} 9. dxc5 $5 Bxc5 (
9... Nxc5 10. O-O-O Qa5 11. Kb1 {und nun kann sich Schwarz nicht ordnungsgemäß
entwickeln:} Bd7 $2 12. Nxd5 $3 exd5 13. Qxa5 Nxa5 14. Bxc5 Bxc5 15. Rxd5 $18 {
Zhigalko - Li Shilong (Cappelle la Grande, 2006). Weiß gewinnt zumindest einen
Bauern und damit auch die Partie.}) 10. O-O-O Qa5 11. Bxc5 Nxc5 12. h4 Bd7 13.
h5 Rab8 14. h6 $14 {Svidler - Riazantsev (Moscow, 2008)}) 9... b6 $5 {Ein
seltener, aber sehr konkreter Zug. Die eigentliche Idee ist es, nicht den
Läufer nach b7 zu entwickeln, wo er eher schlecht steht, sondern den Bauern c5
zu verteidigen. Schwarz beabsichtigt, so schnell wie möglich ...f5 zu spielen,
und nach exf6 mit dem Springer zurückzunehmen. Dafür muss der Bauer c5 gedeckt
werden.} 10. Nd1 {Eine Neuerung, die allerdings nicht gut genug erscheint. Bis
jetzt wurde nur 10.0-0 gespielt.} (10. O-O f5 $1 {Wenn Weiß nicht en-passant
nimmt, kann er kaum auf einen Vorteil hoffen. Der einzige aktive Plan mit g4
dauert zu lange, in der Zwischenzeit bekommt Schwarz gutes Spiel. Das Nehmen
auf f6 muss dann als Erstes geprüft werden.} (10... Bb7 {Zu langsam.} 11. Nd1
cxd4 12. Nxd4 Nxd4 13. Bxd4 Nb8 14. Ne3 Nc6 15. c3 $14 {und Schwarz verblieb
mit einem schlechten Läufer b7 in Zherebukh - Sethuraman (Kirishi, 2010).}) (
10... Ndb8 11. Rad1 Kh8 (11... cxd4 12. Nxd4 Nxd4 13. Bxd4 Nc6 14. Be3 Bb7 15.
Nb5 $14) 12. Kh1 Ba6 13. f5 $1 Bxe2 14. Nxe2 exf5 15. c3 cxd4 16. Nexd4 $44 {
Ovetchkin - Morozevich (Russian Cup, 1998)}) 11. Kh1 $2 {Nun hat Schwarz keine
Schwierigkeiten.} (11. exf6 $1 $146 {Die prinzipiellste und stärkste
Fortsetzung.} Nxf6 12. Kh1 (12. Bb5 Bb7 13. Bxc6 Bxc6 14. Ne5 Qc7 15. Rad1 $14
{Diese Stellung ist etwas besser für Weiß aus dem einfachen Grund, dass
Schwarz keinen Plan hat. Er kann nicht den b-Bauern aufrollen, weil dann
sofort auf c5 genommen wird; er sollte nicht auf d4 nehmen, weil dadurch der
weiße Läufer aktiviert wird; und er sollte nicht Ne4 spielen, weil sein
Bauernstruktur dadurch verschlechtert wird. Weiß seinerseits kann seine
Stellung langsam verbessern mittels h3-Kh2-Qf2 usw.}) 12... Ne4 $1 {Ein
Versuch, aktiv zu spielen.} (12... Bb7 13. Rad1 $14) 13. Qe1 (13. Nxe4 $6 dxe4
14. Bb5 exf3 15. Bxc6 fxg2+ 16. Qxg2 Rb8 $132) 13... Bb7 14. Rd1 Qc7 15. dxc5
bxc5 16. Nxe4 dxe4 17. Ng5 $14) 11... Bb7 12. Rg1 $2 {Eine "leerer" Zug. Zu g4
kommt es nicht.} Rc8 13. Nd1 (13. g4 fxg4 14. Rxg4 cxd4 15. Nxd4 Nxd4 16. Bxd4
Nc5 17. Rag1 g6 $15 {Weiß hat viel aufgegeben und nichts Konkretes erzielt.})
13... cxd4 14. Nxd4 Nxd4 15. Bxd4 Nc5 16. c3 Ne4 $132 {Kislik - Rajlich 
(Budapest, 2010). Der super starke Springer e4 kompensiert den schlechten
Läufer b7, die Stellung ist im Großen und Ganzen ausgeglichen.}) 10... f5 11.
c4 $1 (11. O-O $6 {Wie schon oben gesagt, man sollte nicht dem schwarzen
Bauern erlauben, auf f5 zu bleiben, ohne dafür ein konkretes Spiel zu haben.
Motylev hat's richtig mittels 11.c4 versucht.} cxd4 12. Nxd4 Nxd4 13. Bxd4 Nc5
$132) 11... cxd4 $1 {Schwarz reagiert richtig und gleicht in wenige Zügen aus.}
(11... dxc4 $2 12. Bxc4 Kh8 13. Nc3 $1 (13. Bxe6 $2 Ndxe5 14. Nxe5 Nxe5 15.
Bxc8 Nc4 $17) 13... cxd4 14. Nxd4 Nxd4 15. Bxd4 Nc5 $14 {Im Vergleich zur
Partie hat Weiß ein Tempo gewonnen, weil Schwarz Kh8 gezogen hat.}) 12. Nxd4
Nxd4 13. Bxd4 dxc4 $1 {Wieder die richtige Wahl!} (13... Bb7 $6 14. Nc3 $1 (14.
cxd5 Bxd5 15. Ne3 $2 Bh4+ $1 {und Weiß kann nicht g3 spielen} 16. Kf1 Be4 17.
Bc4 Qe8 $15) 14... dxc4 15. Bxc4 Nc5 16. Bxc5 Qxd2+ 17. Kxd2 Bxc5 18. Bxe6+ Kh8
19. Rhd1 Bxg2 20. Bd5 $1 Rad8 21. Kc2 $14 {Das Endspiel mit dem starken
e-Bauern ist eindeutig zugunsten von Weiß.}) 14. Bxc4 Nc5 15. Nc3 {Etwas
Besseres hat Weiß nicht - das Eindringen des schwarzen Springers auf e4 muss
er verhindern.} (15. b4 $2 Ne4 16. Qb2 a5 $1 $17 17. bxa5 $2 bxa5 18. O-O Rb8
$1 $19) 15... Qc7 (15... Bb7 $2 16. Bxc5 Qxd2+ (16... Bxc5 17. Bxe6+ Kh8 18.
Bd5 $16) 17. Kxd2 Bxc5 18. Bxe6+ Kh8 19. Rhd1 Bxg2 20. Bd5 Rad8 21. Kc2 {
-> 13....Bb7}) 16. O-O-O $6 {Was der König am Damenflügel zu tun hat, ist eine
gute Frage. Besser wäre das standardmäßige 16.0-0.} (16. O-O Rd8 (16... Ba6 17.
Bxa6 Nxa6 18. Qe2 Nc5 (18... Rfd8 19. Qxa6 Rxd4 20. Nb5 Qc4 21. b3 Qe2 22. Qb7
$1 $18 (22. Rf2 $2 Bc5 $1 $19)) 19. b4 Ne4 20. Nxe4 fxe4 21. Qxe4 Bxb4 22. Rac1
$36) 17. Rac1 Ba6 18. Bxa6 Nxa6 19. Nd5 Qd7 20. Nxe7+ Qxe7 21. Rfd1 Rac8 $11 {
Und Schwarz sollte die Stellung ebenfalls halten können.}) 1/2-1/2

[Event "EU-chT (Men) 10th"]
[Site "Debrecen"]
[Date "1992.11.??"]
[Round "3.4"]
[White "Leko, Peter"]
[Black "Ruzele, Darius"]
[Result "1-0"]
[WhiteElo "2385"]
[BlackElo "2340"]
[Annotator "Leko,P"]
[PlyCount "103"]
[EventDate "1992.11.20"]
[EventType "team-swiss"]
[EventRounds "9"]
[EventCountry "HUN"]
[SourceTitle "EU-chT"]
[Source "ChessBase"]
[SourceDate "1999.07.01"]
[SourceVersion "2"]
[SourceVersionDate "1999.07.01"]
[SourceQuality "1"]
[WhiteTeam "Hungary III"]
[BlackTeam "Lithuania"]
[WhiteTeamCountry "HUN"]
[BlackTeamCountry "LTU"]

1. e4 e6 2. d4 d5 3. Nc3 Nf6 4. e5 Nfd7 5. f4 c5 6. Nf3 Nc6 7. Be3 cxd4 8. Nxd4
Bc5 9. Qd2 Bxd4 10. Bxd4 Nxd4 11. Qxd4 Qb6 12. O-O-O Qxd4 13. Rxd4 Ke7 14. h4
h5 15. Be2 Nb8 16. Rd2 Bd7 17. Rhd1 g6 18. b3 $1 Bc6 $5 (18... Nc6 19. Ne4 $1
$16) (18... a6) 19. Bf3 Nd7 20. Ne2 Rhc8 21. Nd4 Rc7 22. Kb2 Nb6 23. Rd3 $1 (
23. a4 $2 Bxa4 24. bxa4 Nc4+ $44) 23... Bd7 24. a4 a5 25. Be2 Rac8 26. Rh3 Bc6
27. Rg1 Rh8 (27... Nd7 $142) 28. Rc3 $1 {/\ Rc5} Nd7 29. Rh1 Rcc8 30. Rhh3 Rhg8
31. Ba6 $1 (31. Bb5 $5 Bxb5 (31... Nb8 32. Rc5 $18) 32. Nxb5 $14) 31... f6 (
31... Nb8 32. Nxc6+ Rxc6 33. Bxb7 Rxc3 34. Rxc3 Kd7 35. Ka3 {/\ b4+-}) 32.
exf6+ Nxf6 33. Nxc6+ (33. Rce3 Ne4 34. Bd3 Nc5 35. Rhg3 $14) 33... Rxc6 34.
Bxb7 Rb6 35. Rc7+ Kd6 36. Rhc3 Ne4 (36... Rb8 37. Rf7 Ne4 38. Rcc7 $18) 37.
R3c6+ Rxc6 38. Rxc6+ Kd7 39. Ra6 $1 Kc7 (39... Nc5 40. Rb6 $1 $18) 40. Ba8 Rf8
41. c4 $1 $18 Rxf4 42. cxd5 e5 43. Rxa5 Rxh4 (43... Rf2+ 44. Ka3 Rxg2 45. d6+)
44. d6+ $1 Nxd6 45. Rxe5 Kb8 (45... Rxa4 46. Rc5+) 46. Bd5 Rg4 47. a5 Rd4 48.
Bf3 Nf5 49. Kc3 Rf4 50. Re4 Rh4 51. Rxh4 Nxh4 52. Be4 1-0